Confident communication : (Record no. 3229)
[ view plain ]
| 000 -LEADER | |
|---|---|
| fixed length control field | 00738cam a22002172 4500 |
| 001 - CONTROL NUMBER | |
| control field | 0000007511 |
| 005 - DATE AND TIME OF LATEST TRANSACTION | |
| control field | 20151217145838.0 |
| 008 - FIXED-LENGTH DATA ELEMENTS--GENERAL INFORMATION | |
| fixed length control field | 080211s xx 000 0 eng d |
| 020 ## - INTERNATIONAL STANDARD BOOK NUMBER | |
| International Standard Book Number | 076194690x : |
| Terms of availability | KES |
| 040 ## - CATALOGING SOURCE | |
| Original cataloging agency | KABU |
| Transcribing agency | KABU |
| 100 1# - MAIN ENTRY--PERSONAL NAME | |
| Personal name | Parker, Douglas A. |
| -- | 0000158759 |
| 245 10 - TITLE STATEMENT | |
| Title | Confident communication : |
| Remainder of title | speaking tips for educators / |
| Statement of responsibility, etc. | Douglas A. Parker. |
| 260 ## - PUBLICATION, DISTRIBUTION, ETC. (IMPRINT) | |
| Place of publication, distribution, etc. | London : |
| Name of publisher, distributor, etc. | Sage, |
| Date of publication, distribution, etc. | 2003. |
| 300 ## - PHYSICAL DESCRIPTION | |
| Extent | xiii, 171 p. |
| 650 #0 - SUBJECT ADDED ENTRY--TOPICAL TERM | |
| Topical term or geographic name as entry element | Communication in education |
| General subdivision | Handbooks, manuals, etc. |
| -- | 0000158760 |
| 650 #0 - SUBJECT ADDED ENTRY--TOPICAL TERM | |
| Topical term or geographic name as entry element | Public speaking |
| General subdivision | Handbooks, manuals, etc. |
| -- | 0000158761 |
| 908 ## - PUT COMMAND PARAMETER (RLIN) | |
| Put command parameter | 080211 |
| 950 ## - LOCAL HOLDINGS (RLIN) | |
| -- | 1 |
| Withdrawn status | Lost status | Source of classification or shelving scheme | Not for loan | Home library | Current library | Date acquired | Total Checkouts | Full call number | Barcode | Date last seen | Price effective from | Koha item type |
|---|---|---|---|---|---|---|---|---|---|---|---|---|
| Library of Congress Classification | Kabarak, Main Campus | Kabarak, Main Campus | 17/12/2015 | LB1033.5 .P37 | 012086 | 17/12/2015 | 17/12/2015 | General Collection | ||||
| Library of Congress Classification | Kabarak, Main Campus | Kabarak, Main Campus | 17/12/2015 | LB1033.5 .P37 | 003261 | 17/12/2015 | 17/12/2015 | General Collection |